000 002420000a22000970004500
100 1 _aCuervo Vázquez, Georgina
245 1 0 _aLa viuda de Sarepta
300 _aVol. 9, Núm 46 (1997), Páginas 5
773 0 _tImpacto Presbiteriano
942 _cANA
999 _c51033
_d51033